[Event "Barcelona Sant Marti op 8th"]
[Site "Barcelona"]
[Date "2019.01.24"]
[Round "2"]
[White "Masferrer Andreu, Josep Miquel"]
[Black "Garcia Martinez, Josep"]
[Result "0-1"]
[WhiteElo "1625"]
[BlackElo "2058"]
[PlyCount "108"]
[EventDate "2019.01.17"]
[EventType "swiss"]
[EventRounds "9"]
[EventCountry "ESP"]
[SourceTitle "CBM 189 Extra"]
[Source "ChessBase"]
[SourceDate "2019.05.31"]
[SourceVersion "1"]
[SourceVersionDate "2019.05.31"]
[SourceQuality "1"]

1. d4 e6 2. Nf3 Nf6 3. c4 b6 4. e3 Bb7 5. Be2 c5 6. Nbd2 cxd4 7. exd4 Be7 8. b3 0-0 9. 0-0 d5 10. cxd5 Nxd5 11. Bb2 Nf4 12. Re1 Nxe2+ 13. Qxe2 Qd5 14. Rac1 Na6 15. a3 Rac8 16. Rc4 Nc7 17. Rc2 Nb5 18. Nc4 Nd6 19. Qe5 Nxc4 20. bxc4 Rxc4 21. Qxd5 Bxd5 22. Rxc4 Bxc4 23. Rc1 Rc8 24. Ne5 Ba6 25. Rxc8+ Bxc8 26. f3 Bb7 27. Kf2 Bd6 28. g3 f6 29. Nc4 Bc7 30. f4 Kf7 31. Ne3 g6 32. Nc4 b5 33. Ne3 h5 34. Nc2 h4 35. Ne3 h3 36. Bc3 g5 37. fxg5 fxg5 38. Bb2 Bd6 39. Nc2 g4 40. Bc1 Be4 41. Ne3 Bf3 42. Nc2 Kf6 43. Ne3 a5 44. Bb2 Kg6 45. Bc1 b4 46. Nc4 Bc7 47. axb4 axb4 48. Bf4 Bxf4 49. gxf4 b3 50. Nb2 Kf5 51. Nd3 Bd5 52. Kg3 Ke4 53. Nb2 Kxd4 54. Kxg4 Kc3 0-1

[Event "Barcelona Sant Marti op 7th"]
[Site "Barcelona"]
[Date "2018.02.22"]
[Round "7"]
[White "Masferrer Andreu, Josep Miquel"]
[Black "Menbrive Hernandez, Juan"]
[Result "1-0"]
[WhiteElo "1696"]
[BlackElo "1333"]
[PlyCount "45"]
[EventDate "2018.01.11"]
[EventType "swiss"]
[EventRounds "9"]
[EventCountry "ESP"]
[SourceTitle "EXT 2019"]
[Source "ChessBase"]
[SourceDate "2018.10.10"]
[SourceVersion "1"]
[SourceVersionDate "2018.10.10"]
[SourceQuality "1"]

1. d4 c6 2. e4 Nf6 3. Bd3 g6 4. c4 Bg7 5. Nf3 d6 6. h3 d5 7. cxd5 cxd5 8. e5 Ne4 9. Qb3 0-0 10. 0-0 e6 11. Re1 f6 12. Bxe4 dxe4 13. Rxe4 Nc6 14. exf6 Bxf6 15. Na3 Kg7 16. Nc2 Na5 17. Qe3 Bd7 18. Qh6+ Kh8 19. Bg5 Nc4 20. Rh4 Rf7 21. Qxg6 Bxg5 22. Nxg5 Be8 23. Rxh7+ 1-0

[Event "Barcelona Sant Marti op 7th"]
[Site "Barcelona"]
[Date "2018.02.15"]
[Round "6"]
[White "Cabrera Marmol, Manel"]
[Black "Masferrer Andreu, Josep Miquel"]
[Result "1-0"]
[WhiteElo "1843"]
[BlackElo "1696"]
[PlyCount "103"]
[EventDate "2018.01.11"]
[EventType "swiss"]
[EventRounds "9"]
[EventCountry "ESP"]
[SourceTitle "EXT 2019"]
[Source "ChessBase"]
[SourceDate "2018.10.10"]
[SourceVersion "1"]
[SourceVersionDate "2018.10.10"]
[SourceQuality "1"]

1. e4 e6 2. d4 d5 3. exd5 exd5 4. Nf3 Nf6 5. Bd3 Be7 6. 0-0 0-0 7. h3 Nbd7 8. Bf4 Re8 9. Re1 Nf8 10. Nc3 c6 11. Re3 Be6 12. Ne5 Ng6 13. Nxg6 hxg6 14. Bxg6 Bd6 15. Bxd6 Qxd6 16. Bd3 Bd7 17. Rxe8+ Rxe8 18. Ne2 Ne4 19. c3 Qf6 20. Bxe4 Rxe4 21. Ng3 Re7 22. Qd2 Bf5 23. Re1 Bg6 24. Rxe7 Qxe7 25. Qe3 Qd8 26. a3 a6 27. Ne2 f6 28. Nf4 Bf7 29. h4 Qe8 30. Qxe8+ Bxe8 31. Ne6 Bd7 32. Nc5 Bc8 33. f4 f5 34. Kf2 Kf7 35. Ke3 Ke7 36. Nd3 g6 37. Ne5 Kf6 38. Kf3 Kg7 39. Ke3 Kf6 40. Kf3 Kg7 41. Ke3 Kf6 42. Kd3 Be6 43. Nf3 Bg8 44. Nd2 Ke7 45. a4 Kd6 46. a5 Bf7 47. b4 Kc7 48. Nf3 Be8 49. Ne5 b5 50. Ke3 Kd6 51. Kf3 Ke6 52. Nd3 1-0

[Event "Barcelona Sant Marti op 7th"]
[Site "Barcelona"]
[Date "2018.01.18"]
[Round "2"]
[White "Munt Serrano, Jesus"]
[Black "Masferrer Andreu, Josep Miquel"]
[Result "1-0"]
[WhiteElo "1335"]
[BlackElo "1696"]
[PlyCount "78"]
[EventDate "2018.01.11"]
[EventType "swiss"]
[EventRounds "9"]
[EventCountry "ESP"]
[SourceTitle "EXT 2019"]
[Source "ChessBase"]
[SourceDate "2018.10.10"]
[SourceVersion "1"]
[SourceVersionDate "2018.10.10"]
[SourceQuality "1"]

1. e4 d6 2. d4 Nf6 3. Nc3 g6 4. Be2 Bg7 5. Be3 0-0 6. Qd2 Re8 7. f3 c6 8. h4 b5 9. 0-0-0 Qa5 10. g4 h5 11. gxh5 Nxh5 12. a3 Nd7 13. Bf2 e6 14. f4 Ndf6 15. e5 dxe5 16. fxe5 Nd5 17. Bxh5 gxh5 18. Nge2 f5 19. Qg5 Nxc3 20. Nxc3 Bb7 21. Rhg1 Qc7 22. Qxh5 Qf7 23. Rg6 Re7 24. Rdg1 Rd8 25. Rxg7+ Qxg7 26. Rxg7+ Rxg7 27. Qh6 Bc8 28. Be3 Rf8 29. Bg5 Rh7 30. Qg6+ Rg7 31. Qh5 Rh7 32. Qf3 Bb7 33. Bf6 Kf7 34. Nxb5 cxb5 35. Qxb7+ Kg6 36. Qxb5 Rxf6 37. exf6 Kxf6 38. Qe5+ Kf7 39. d5 exd5 1-0

[Event "Barcelona Sant Marti op 6th"]
[Site "Barcelona"]
[Date "2017.03.09"]
[Round "9"]
[White "Febrero Perez, Lluis"]
[Black "Masferrer Andreu, Josep Miquel"]
[Result "0-1"]
[WhiteElo "1525"]
[BlackElo "1661"]
[PlyCount "78"]
[EventDate "2017.01.12"]
[EventType "swiss"]
[EventRounds "9"]
[EventCountry "ESP"]
[SourceTitle "EXT 2018"]
[Source "ChessBase"]
[SourceDate "2017.10.13"]
[SourceVersion "1"]
[SourceVersionDate "2017.10.13"]
[SourceQuality "1"]

1. e4 d6 2. d4 Nf6 3. Nd2 g6 4. b3 Bg7 5. Bb2 0-0 6. Ne2 Re8 7. Ng3 c6 8. Bd3 e5 9. c3 Nbd7 10. 0-0 b5 11. Qc2 Ng4 12. h3 Nh6 13. d5 Bb7 14. a4 bxa4 15. Rxa4 cxd5 16. Rfa1 dxe4 17. Ndxe4 Nc5 18. Nxc5 dxc5 19. Rxa7 Rxa7 20. Rxa7 Qb6 21. Ra1 Kh8 22. Ne4 f6 23. c4 Nf5 24. Bc3 Ra8 25. Rxa8+ Bxa8 26. Qa2 Bb7 27. Ba5 Qc6 28. f3 Nd4 29. Bd8 f5 30. Nc3 Qd7 31. Bh4 Nxf3+ 32. gxf3 Qxd3 33. Be1 Qxf3 34. Qh2 h6 35. Bd2 g5 36. h4 g4 37. Bxh6 Qxc3 38. Bd2 Qf3 39. h5 Qd1+ 0-1

[Event "Barcelona Vila Gracia Seniors 55 op 3rd"]
[Site "Barcelona"]
[Date "2016.03.07"]
[Round "1.13"]
[White "Caballe Sasot, Roger"]
[Black "Masferrer Andreu, Josep Miquel"]
[Result "1-0"]
[WhiteElo "1949"]
[BlackElo "1653"]
[PlyCount "63"]
[EventDate "2016.03.07"]
[EventType "swiss"]
[EventRounds "8"]
[EventCountry "ESP"]
[SourceTitle "EXT 2024"]
[Source "ChessBase"]
[SourceDate "2023.10.10"]
[SourceVersion "1"]
[SourceVersionDate "2023.10.10"]
[SourceQuality "1"]

1. f4 f5 2. e4 fxe4 3. d3 Nf6 4. dxe4 d6 5. Nc3 Nc6 6. Nf3 Bg4 7. Bb5 Bd7 8. 0-0 a6 9. Bd3 e5 10. f5 Be7 11. Ng5 b5 12. a3 h6 13. Nh3 Nd4 14. Be3 c5 15. Nd5 0-0 16. Nxe7+ Qxe7 17. c3 Nc6 18. b3 Be8 19. b4 c4 20. Bc2 Bh5 21. Qd2 Ng4 22. Bf2 Nxf2 23. Nxf2 Rf6 24. a4 Rff8 25. axb5 Na7 26. Rxa6 Bf7 27. Rfa1 Qb7 28. b6 Nb5 29. R6a5 Rxa5 30. bxa5 d5 31. exd5 Bxd5 32. a6 1-0

[Event "Barcelona Sant Marti op-B 5th"]
[Site "Barcelona"]
[Date "2016.02.25"]
[Round "7"]
[White "Masferrer Andreu, Josep Miquel"]
[Black "Menbrive Hernandez, Juan"]
[Result "1-0"]
[WhiteElo "1653"]
[BlackElo "1673"]
[PlyCount "93"]
[EventDate "2016.01.14"]
[EventType "swiss"]
[EventRounds "9"]
[EventCountry "ESP"]
[SourceTitle "EXT 2017"]
[Source "ChessBase"]
[SourceDate "2016.10.25"]
[SourceVersion "1"]
[SourceVersionDate "2016.10.25"]
[SourceQuality "1"]

1. d4 Nf6 2. c4 d6 3. Nf3 Bg4 4. e3 g6 5. Be2 Bg7 6. Nc3 Nc6 7. a3 b6 8. h3 Bd7 9. e4 e6 10. Be3 a6 11. 0-0 h5 12. Bg5 Qc8 13. Qd2 Nh7 14. Be3 Na5 15. Qc2 Qd8 16. Rad1 Nf6 17. Bg5 Qc8 18. Nh2 Nh7 19. Be3 Qb7 20. d5 e5 21. b4 Nc6 22. dxc6 Bxc6 23. Nd5 Nf6 24. f3 a5 25. b5 Bd7 26. a4 c6 27. Nxb6 Rd8 28. Nxd7 Rxd7 29. Rd3 c5 30. Rfd1 Qc7 31. Qd2 Bf8 32. Nf1 Be7 33. Bg5 0-0 34. Bxf6 Bxf6 35. Rxd6 Rxd6 36. Qxd6 Qxd6 37. Rxd6 Be7 38. Rd5 f6 39. Nd2 Kf7 40. Nb3 Bd8 41. Kf1 Bb6 42. Nxc5 Rc8 43. Nb3 Ke6 44. c5 Bd8 45. b6 f5 46. Bb5 Be7 47. Bd7+ 1-0

[Event "Barcelona Sant Marti op-B 5th"]
[Site "Barcelona"]
[Date "2016.01.14"]
[Round "1"]
[White "Masferrer Andreu, Josep Miquel"]
[Black "Riera Danes, Manel"]
[Result "0-1"]
[WhiteElo "1653"]
[BlackElo "1925"]
[PlyCount "104"]
[EventDate "2016.01.14"]
[EventType "swiss"]
[EventRounds "9"]
[EventCountry "ESP"]
[SourceTitle "EXT 2017"]
[Source "ChessBase"]
[SourceDate "2016.10.25"]
[SourceVersion "1"]
[SourceVersionDate "2016.10.25"]
[SourceQuality "1"]

1. d4 Nf6 2. Nf3 g6 3. g3 Bg7 4. Bg2 d6 5. 0-0 0-0 6. Re1 d5 7. Na3 c6 8. c3 Nbd7 9. Nc2 Ne4 10. Ng5 Ndf6 11. f3 Nxg5 12. Bxg5 h6 13. Be3 Kh7 14. Bf2 Bd7 15. e3 Qc8 16. Re2 a5 17. a4 Ng8 18. Ne1 b6 19. Nd3 f6 20. Qd2 e5 21. dxe5 fxe5 22. e4 dxe4 23. fxe4 Qc7 24. h3 Be6 25. Qc2 Nf6 26. Kh2 Rad8 27. b3 h5 28. Be3 Ng8 29. Rd2 Rf7 30. Rad1 Rfd7 31. c4 Bh6 32. Bxh6 Nxh6 33. Ne1 Nf7 34. Nf3 Kg7 35. Rxd7 Rxd7 36. Rxd7 Qxd7 37. Qd2 Kf6 38. Qxd7 Bxd7 39. Nd2 Ng5 40. h4 Nf7 41. Bh3 Be8 42. Kg1 Nd6 43. Kf2 Nb7 44. Ke3 Nc5 45. Kf3 b5 46. cxb5 cxb5 47. axb5 Bxb5 48. Ke3 Bd3 49. Bf1 Bxf1 50. Nxf1 Nxb3 51. Kd3 Nc5+ 52. Ke3 a4 0-1

[Event "Barcelona Seniors 55 op 2nd"]
[Site "Barcelona"]
[Date "2015.03.16"]
[Round "1"]
[White "Masferrer Andreu, Josep Miquel"]
[Black "Marchador Villalba, Jordi"]
[Result "0-1"]
[WhiteElo "1838"]
[BlackElo "2134"]
[PlyCount "62"]
[EventDate "2015.03.16"]
[EventType "swiss"]
[EventRounds "8"]
[EventCountry "ESP"]
[SourceTitle "EXT 2016"]
[Source "ChessBase"]
[SourceDate "2015.10.08"]
[SourceVersion "1"]
[SourceVersionDate "2015.10.08"]
[SourceQuality "1"]

1. d4 Nf6 2. c4 c5 3. d5 e6 4. dxe6 fxe6 5. Nf3 d5 6. e3 Be7 7. Nc3 0-0 8. Be2 Nc6 9. cxd5 exd5 10. 0-0 Kh8 11. b3 Be6 12. Bb2 a6 13. a3 b5 14. Qc2 Qb6 15. Rad1 Rad8 16. Na2 c4 17. Nd4 Nxd4 18. Rxd4 Bf7 19. b4 Bg6 20. Qc1 Bd6 21. h3 Be5 22. Rdd1 Bxb2 23. Qxb2 Ne4 24. Rd4 Qf6 25. Bf3 Ng5 26. Be2 Ne6 27. Rd2 d4 28. exd4 Rxd4 29. Rxd4 Nxd4 30. Qd2 Nxe2+ 31. Qxe2 Bd3 0-1

[Event "Barcelona Tres Peons op 16th"]
[Site "Barcelona"]
[Date "2015.02.20"]
[Round "6"]
[White "Masferrer Andreu, Josep Miquel"]
[Black "Corominas Garrido, Jordi"]
[Result "0-1"]
[WhiteElo "1850"]
[BlackElo "2052"]
[PlyCount "67"]
[EventDate "2015.01.16"]
[EventType "swiss"]
[EventRounds "9"]
[EventCountry "ESP"]
[SourceTitle "EXT 2016"]
[Source "ChessBase"]
[SourceDate "2015.10.08"]
[SourceVersion "1"]
[SourceVersionDate "2015.10.08"]
[SourceQuality "1"]

1. Nf3 Nf6 2. g3 g6 3. Bg2 Bg7 4. 0-0 0-0 5. c4 d6 6. Nc3 e5 7. d3 c6 8. Qc2 Qc7 9. Rb1 Nbd7 10. Bd2 a5 11. a3 Nh5 12. e3 f5 13. Ne2 Nc5 14. Ne1 a4 15. f4 Re8 16. fxe5 dxe5 17. Bc3 Nf6 18. Nc1 Ng4 19. Qe2 Qb6 20. h3 Nf6 21. Qf2 Qc7 22. Nc2 Be6 23. Nb4 Rad8 24. Qe2 Nh5 25. Be1 Re7 26. Kh2 Red7 27. Bf2 Na6 28. Nxa6 bxa6 29. Qc2 c5 30. Rd1 e4 31. Bf1 Be5 32. d4 Bxg3+ 33. Bxg3 Qxg3+ 34. Kh1 0-1

[Event "Barcelona Tres Peons op 16th"]
[Site "Barcelona"]
[Date "2015.01.16"]
[Round "1"]
[White "Masferrer Andreu, Josep Miquel"]
[Black "Mansilla Lou, Lluis"]
[Result "0-1"]
[WhiteElo "1850"]
[BlackElo "2069"]
[PlyCount "61"]
[EventDate "2015.01.16"]
[EventType "swiss"]
[EventRounds "9"]
[EventCountry "ESP"]
[SourceTitle "EXT 2016"]
[Source "ChessBase"]
[SourceDate "2015.10.08"]
[SourceVersion "1"]
[SourceVersionDate "2015.10.08"]
[SourceQuality "1"]

1. d4 Nf6 2. Nf3 g6 3. e3 b6 4. g3 Bb7 5. Bg2 Bg7 6. 0-0 0-0 7. Nbd2 d6 8. Re1 Nfd7 9. c3 e5 10. dxe5 d5 11. Nb3 Nxe5 12. Nxe5 Bxe5 13. Nd4 c5 14. Nf3 Bg7 15. Qc2 Qe7 16. Bd2 Nc6 17. Rad1 Rfe8 18. b3 Rad8 19. Bc1 Qf6 20. Bd2 Bc8 21. e4 dxe4 22. Rxe4 Bf5 23. Rxe8+ Rxe8 24. Qc1 Bg4 25. Bg5 Qxc3 26. Qxc3 Bxc3 27. h3 Bxf3 28. Bxf3 Nd4 29. Kg2 Re1 30. Rxe1 Bxe1 31. Kf1 0-1

[Event "Barcelona Tardor op 2nd"]
[Site "Barcelona"]
[Date "2014.10.13"]
[Round "2"]
[White "Masferrer Andreu, Josep Miquel"]
[Black "Torras Lemos, Marc"]
[Result "1-0"]
[WhiteElo "1862"]
[BlackElo "1762"]
[PlyCount "55"]
[EventDate "2014.10.06"]
[EventType "swiss"]
[EventRounds "8"]
[EventCountry "ESP"]
[SourceTitle "EXT 2016"]
[Source "ChessBase"]
[SourceDate "2015.10.08"]
[SourceVersion "1"]
[SourceVersionDate "2015.10.08"]
[SourceQuality "1"]

1. d4 d5 2. Nc3 Nc6 3. e3 a6 4. Nf3 Bg4 5. Be2 e6 6. h3 Bf5 7. a3 Bd6 8. Bd3 Nf6 9. Bxf5 exf5 10. Qd3 Ne4 11. Nxd5 Bxa3 12. Nxc7+ Qxc7 13. Qxa3 Qd6 14. Qxd6 Nxd6 15. c3 0-0 16. 0-0 a5 17. b3 Ne4 18. d5 Ne7 19. c4 Rfe8 20. Ba3 b5 21. Bxe7 Rxe7 22. Nd4 bxc4 23. bxc4 g6 24. Rfc1 Rc7 25. Ra2 Nc5 26. Nc6 Nb3 27. Rc3 a4 28. Rxb3 1-0

[Event "Barcelona Primavera La Lira op 5th"]
[Site "Barcelona"]
[Date "2012.06.14"]
[Round "9"]
[White "Febrero Perez, Lluis"]
[Black "Masferrer Andreu, Josep Miquel"]
[Result "0-1"]
[WhiteElo "1545"]
[BlackElo "1619"]
[PlyCount "76"]
[EventDate "2012.04.19"]
[EventType "swiss"]
[EventRounds "9"]
[EventCountry "ESP"]
[SourceTitle "CBM 148 Extra"]
[Source "ChessBase"]
[SourceDate "2012.06.22"]
[SourceVersion "1"]
[SourceVersionDate "2012.06.22"]
[SourceQuality "1"]

1. e4 e5 2. Nf3 Nc6 3. d4 exd4 4. Nxd4 Bc5 5. Be3 Qf6 6. c3 Nge7 7. Be2 d6 8. 0-0 a6 9. Nxc6 Nxc6 10. Bxc5 dxc5 11. Qd5 Qd6 12. Na3 Qxd5 13. exd5 Ne7 14. c4 0-0 15. Nc2 Nf5 16. Bd3 Nd6 17. Ne3 Bd7 18. f4 f5 19. Rf3 Rae8 20. h3 Re7 21. g4 g6 22. Kf2 Ne4+ 23. Bxe4 Rxe4 24. b3 fxg4 25. hxg4 Rexf4 26. Rxf4 Rxf4+ 27. Kg3 g5 28. a3 Rd4 29. Rd1 Rxd1 30. Nxd1 Kf7 31. Nf2 h6 32. Nd3 b6 33. b4 cxb4 34. Ne5+ Ke7 35. axb4 a5 36. bxa5 bxa5 37. Nd3 Kd6 38. Nb2 Kc5 0-1

[Event "Barcelona Primavera La Lira op 5th"]
[Site "Barcelona"]
[Date "2012.05.10"]
[Round "4"]
[White "Masferrer Andreu, Josep Miquel"]
[Black "Serentill Tost, Eduard"]
[Result "0-1"]
[WhiteElo "1619"]
[BlackElo "1769"]
[PlyCount "130"]
[EventDate "2012.04.19"]
[EventType "swiss"]
[EventRounds "9"]
[EventCountry "ESP"]
[SourceTitle "CBM 148 Extra"]
[Source "ChessBase"]
[SourceDate "2012.06.22"]
[SourceVersion "1"]
[SourceVersionDate "2012.06.22"]
[SourceQuality "1"]

1. e4 e6 2. d4 d5 3. exd5 exd5 4. Nf3 Bd6 5. Bd3 Nf6 6. 0-0 0-0 7. Bg5 Nbd7 8. Nc3 c6 9. Re1 Qc7 10. Ne2 Re8 11. Ng3 Rxe1+ 12. Qxe1 g6 13. Qd2 Bf8 14. Re1 Bg7 15. c3 Nf8 16. h3 Ne6 17. Be3 b6 18. Ng5 c5 19. Nxe6 Bxe6 20. Bf4 Qc6 21. dxc5 bxc5 22. Qc2 c4 23. Be2 Re8 24. Bf3 h6 25. Be3 a5 26. Bd4 Kh7 27. Qc1 Rb8 28. Qc2 Qb5 29. Re2 Nd7 30. Bxg7 Kxg7 31. Nf1 Nc5 32. Ne3 Na4 33. Nd1 Bf5 34. Qc1 Bd3 35. Rd2 Re8 36. Ne3 Nb6 37. Be2 Bxe2 38. Rxe2 f5 39. Rd2 Re5 40. Qd1 Qe8 41. Kf1 Qe6 42. Nc2 f4 43. Nd4 Qe8 44. Ne2 g5 45. Ng1 Qb5 46. Nf3 Re7 47. Nd4 Qd7 48. Re2 Rxe2 49. Qxe2 Kf6 50. Ke1 Qe7 51. Qxe7+ Kxe7 52. Kd2 Kf6 53. b3 cxb3 54. axb3 a4 55. bxa4 Nxa4 56. g3 fxg3 57. fxg3 Nb2 58. Ke2 Ke5 59. Kf3 Nd1 60. Ne2 h5 61. h4 g4+ 62. Kg2 Ke4 63. Nf4 Nxc3 64. Nxh5 d4 65. Nf6+ Kf5 0-1

[Event "Barcelona Primavera La Lira op 5th"]
[Site "Barcelona"]
[Date "2012.04.26"]
[Round "2"]
[White "Masferrer Andreu, Josep Miquel"]
[Black "Orts Gonzalez, Rafael"]
[Result "1-0"]
[WhiteElo "1619"]
[BlackElo "1298"]
[PlyCount "91"]
[EventDate "2012.04.19"]
[EventType "swiss"]
[EventRounds "9"]
[EventCountry "ESP"]
[SourceTitle "CBM 148 Extra"]
[Source "ChessBase"]
[SourceDate "2012.06.22"]
[SourceVersion "1"]
[SourceVersionDate "2012.06.22"]
[SourceQuality "1"]

1. e4 e5 2. Nf3 Nc6 3. Bb5 Nge7 4. 0-0 a6 5. Ba4 d6 6. c3 b5 7. Bc2 Ng6 8. d3 Be7 9. Nbd2 b4 10. Ba4 Bd7 11. Bxc6 Bxc6 12. cxb4 d5 13. a3 Bb5 14. exd5 Qxd5 15. Nc4 Bxc4 16. dxc4 Qxc4 17. Be3 0-0 18. Rc1 Qa2 19. Rxc7 Qxb2 20. Qa1 Qxa1 21. Rxa1 Bf6 22. Bg5 Bd8 23. Rc6 f6 24. Be3 Re8 25. Nd2 a5 26. b5 Ne7 27. Rc4 Nd5 28. a4 Nxe3 29. fxe3 Bb6 30. Re1 f5 31. Kf1 Red8 32. Nf3 e4 33. Ne5 Kf8 34. Rc6 Rab8 35. Nc4 Bc5 36. Rxc5 g6 37. Ke2 Rd3 38. Ne5 Rd6 39. Rd1 Ke7 40. Nc6+ Rxc6 41. Rxc6 g5 42. Rdd6 f4 43. exf4 gxf4 44. Rh6 f3+ 45. gxf3 exf3+ 46. Kf2 1-0